SpongeBob Characters - Statistics

General Stats
  • This quiz has been taken 91 times
  • The average score is 12 of 14
Answer Stats
Picture Answer % Correct
Patrick
100%
Spongebob
98%
Mr. Krabs
95%
Sandy
95%
Squidward
94%
Gary
92%
Plankton
92%
Mrs. Puff / Ms. Puff
90%
Larry
89%
Barnacle Boy
87%
Pearl
84%
Mermaid Man
83%
Flying Dutchman
71%
Dirty Bubble
65%
No matching quizzes found
Score Distribution
Percent of People with Each Score
Percentile by Number Answered
Your Score History
You have not taken this quiz